LEADER 02190nas 2200445 n 450 001 990008895500403321 005 20240229084617.0 011 $a0365-1991 035 $a000889550 035 $aFED01000889550 035 $a(Aleph)000889550FED01 035 $a000889550 091 $2CNR$aP 00011209 100 $a20161109b19341940km-y0itaa50------ba 101 0 $afre 102 $aFR 110 $aauu-------- 200 1 $aAnnales des épiphyties et de phytogénétique 207 1$a1934-1940 210 $aParis$cImprimerie nationale 430 0$1001000889549$12001$aAnnales des épiphyties 440 0$1001000889551$12001$aAnnales des épiphyties [1941] 530 0 $aAnnales des épiphyties et de phytogénétique 675 $a632 675 $a581 676 $a581 712 02$aInstitut national de la recherche agronomique$c 801 0$aIT$bACNP$c20090723 859 4 $uhttp://acnp.cib.unibo.it/cgi-ser/start/it/cnr/dc-p1.tcl?catno=5129&person=false&language=ITALIANO&libr=&libr_th=unina1$zBiblioteche che possiedono il periodico 901 $aSE 912 $a990008895500403321 958 $aBiblioteca Dipartimento di Arboricoltura, Botanica e Patologia Vegetale-Sez. Patologia vegetale-Università Federico II di Napoli$b1934-1940.$fDAGPV 958 $aBiblioteca del Dipartimento di Entomologia e Zoologia Agraria dell'Università degli Studi di Napoli Federico II$b1934-1940.$fDAGEN 959 $aDAGPV 959 $aDAGEN 996 $aAnnales des épiphyties et de phytogénétique$9801375 997 $aUNINA AP1 8 $6866-01$aNA086 Biblioteca Dipartimento di Arboricoltura, Botanica e Patologia Vegetale-Sez. Patologia vegetale-Università Federico II di Napoli$ev. Università,100, 80055 Portici (NA)$m08125.39322$nit AP1 8 $6866-02$aNA219 Biblioteca del Dipartimento di Entomologia e Zoologia Agraria dell'Università degli Studi di Napoli Federico II$eVia Università, 100, 80055 Portici (NA)$m0812539188$m0817755145$nit AP2 40$aacnp.cib.unibo.it$nACNP Italian Union Catalogue of Serials$uhttp://acnp.cib.unibo.it/cgi-ser/start/it/cnr/df-p.tcl?catno=5129&language=ITALIANO&libr=&person=&B=1&libr_th=unina&proposto=NO